• 首页
  • 本馆介绍
  • 公告通知
  • 最新文献
  • 馆藏检索
  • 电子资源
  • 读者导购
  • 参考咨询
  • 我的图书馆
  • 登录
  • 详细信息显示
  • 放入我的书架
  • 预约/预借图书
  • 作者相关作品
  • 分类相关作品
  • 丛书相关作品
  • 出版社相关作品

书目信息

  • 表格格式
  • 工作单格式
  • 卡片格式
题名:
果蔬雕刻入门
    
 
作者: 李茂华 编
分册:  
出版信息: 北京   机械工业出版社  2012
页数: 153页
开本: 24cm
丛书名:
单 册:
中图分类: TS972.114
科图分类:
主题词: 雕塑技法 , 食品雕刻 , 食品雕刻--雕塑技法
电子资源:
ISBN: 978-7-111-36926-4
000 00817nam0 2200265 45
001 1338832625
005 20130514152519.07
010    @a978-7-111-36926-4@dCNY35.00
100    @a20130108d2012 em y0chiy50 ea
101 0  @achi
102    @aCN@b110000
105    @aa z 000yy
106    @ar
200 1  @a果蔬雕刻入门@AGuo Shu Diao Ke Ru Men@f李茂华编@FLi Mao Hua Bian
210    @a北京@c机械工业出版社@d2012
215    @a153页@c彩图@d24cm
300    @a上岗之路
330    @a本书内容包含了中、西式烹调师所应具备的果蔬雕刻的基本专业知识和基本技能,并附有大量的操作技能实例。
606 0  @a雕塑技法
606 0  @a食品雕刻
606 0  @a食品雕刻@x雕塑技法
690    @aTS972.114@v5
701  0 @a李茂华@ALi Mao Hua@g(技术教育)@4编
801    @aCN@bTANGWEI@c20130108
905    @b0828482-86@dTS972.114@e315@f5
    
    果蔬雕刻入门/李茂华编.-北京:机械工业出版社,2012
    153页:彩图;24cm
    上岗之路
    
    ISBN 978-7-111-36926-4:CNY35.00
    本书内容包含了中、西式烹调师所应具备的果蔬雕刻的基本专业知识和基本技能,并附有大量的操作技能实例。
●
相关链接 在E读中查询图书 在五车中查询图书 在当当中查询图书 在豆瓣中查询图书


正题名:果蔬雕刻入门     索取号:TS972.114/315         预约/预借

序号 登录号 条形码 馆藏地/架位号 状态 备注
1 0828482   208284827   第二样本阅览室/ [索取号:TS972.114/315] 在馆    
2 0828483   208284836   第三借阅区/ [索取号:TS972.114/315] 在馆    
3 0828484   208284845   第三借阅区/ [索取号:TS972.114/315] 在馆    
4 0828485   208284854   第三借阅区/ [索取号:TS972.114/315] 在馆    
5 0828486   208284863   第三借阅区/ [索取号:TS972.114/315] 在馆    
唐山师范学院图书馆 欢迎您!
大连网信软件有限公司© 版权所有